Realism
Αποθηκεύτηκε σε:
| Κύριος συγγραφέας: | |
|---|---|
| Άλλοι συγγραφείς: | |
| Μορφή: | Βιβλίο |
| Γλώσσα: | English German |
| Δημοσίευση: |
Köln :
Taschen,
c2004.
|
| Σειρά: | Basic art series
|
| Θέματα: | |
| Ετικέτες: |
Προσθήκη ετικέτας
Δεν υπάρχουν, Καταχωρήστε ετικέτα πρώτοι!
|
MARC
| LEADER | 00000cam a2200000 i 4500 | ||
|---|---|---|---|
| 001 | 1/83585 | ||
| 008 | 080423s2004 gw | ||| |||| ||eng|| | ||
| 020 | |a 3822829420 | ||
| 035 | |l 10096965 | ||
| 040 | |a GR-MyUa |b gre |e AACR2 | ||
| 041 | 1 | |a eng |h ger | |
| 082 | 7 | |a 709.04 |2 (22) | |
| 100 | 1 | |a Stremmel, Kerstin. | |
| 245 | 1 | 0 | |a Realism / |c Kerstin Stremmel ; Uta Grosenick (ed.). |
| 260 | |a Köln : |b Taschen, |c c2004. | ||
| 300 | |a 95 σ. : |b εικ. (μερ. έγχρ.) ; |c 23 εκ. | ||
| 490 | 1 | |a (Basic art series) | |
| 650 | 0 | |a Realism in art. | |
| 650 | 0 | |a Art, Modern |y 20th century. | |
| 700 | 1 | |a Grosenick, Uta, |e edt | |
| 830 | 0 | |a Basic art series | |
| 852 | |a INST |b SYROS |e 20080423 |h 709.04 STR |p 005500006063 |q 005500006063 |t BK |y 0 | ||
| 901 | |a BIBL5-2008-1 | ||
| 922 | |a 5ΕΛΗ |b 200711 |c ΕΠΕΑΕΚ2/ΤΜΣΠΣ |d Παπασωτηρίου | ||
| 970 | |a Κοντού |b Παρασκευή |z 23/04/2008 | ||